[Event "Foment Martinenc op-C 21st"]
[Site "Barcelona"]
[Date "2019.06.22"]
[Round "9"]
[White "Bernat Mor, Juli"]
[Black "Bienvenido Kleque, Jose"]
[Result "1-0"]
[WhiteElo "1659"]
[BlackElo "1661"]
[PlyCount "107"]
[EventDate "2019.04.27"]
[EventType "swiss"]
[EventRounds "9"]
[EventCountry "ESP"]
[SourceTitle "EXT 2020"]
[Source "ChessBase"]
[SourceDate "2019.10.17"]
[SourceVersion "1"]
[SourceVersionDate "2019.10.17"]
[SourceQuality "1"]

1. d4 d5 2. c4 c6 3. Nc3 Nf6 4. Nf3 g6 5. Bg5 Bg7 6. Qc1 0-0 7. Bh6 Bf5 8. Bxg7 Kxg7 9. e3 Na6 10. cxd5 cxd5 11. Bxa6 bxa6 12. 0-0 Rc8 13. Qd2 Ne4 14. Nxe4 Bxe4 15. Ne1 Rc6 16. Nd3 Bxd3 17. Qxd3 Qc7 18. Rab1 Rc8 19. g3 e6 20. Kg2 Qb6 21. b4 Qb5 22. Rb3 Qxd3 23. Rxd3 Rc4 24. Rb1 Rc3 25. Rb3 Rxd3 26. Rxd3 Kf8 27. Ra3 Rc6 28. Kf3 Rb6 29. Rb3 Ke7 30. a3 Kd7 31. a4 h6 32. Rb2 Rb7 33. Ke2 f6 34. Kd2 f5 35. Kc3 Rc7+ 36. Kb3 Kd6 37. f4 h5 38. Re2 Rc4 39. Rc2 Rxc2 40. Kxc2 Kc6 41. Kb3 Kb6 42. a5+ Kc6 43. Ka4 Kb7 44. b5 axb5+ 45. Kxb5 a6+ 46. Kc5 Kc7 47. h3 Kd7 48. Kb6 Kd6 49. Kxa6 Kc6 50. Ka7 Kc7 51. a6 Kc8 52. Kb6 Kb8 53. h4 Ka8 54. a7 1-0

[Event "Foment Martinenc op-C 21st"]
[Site "Barcelona"]
[Date "2019.05.11"]
[Round "3"]
[White "Membrives Cano, Diego"]
[Black "Bienvenido Kleque, Jose"]
[Result "1/2-1/2"]
[WhiteElo "1579"]
[BlackElo "1661"]
[PlyCount "56"]
[EventDate "2019.04.27"]
[EventType "swiss"]
[EventRounds "9"]
[EventCountry "ESP"]
[SourceTitle "EXT 2020"]
[Source "ChessBase"]
[SourceDate "2019.10.17"]
[SourceVersion "1"]
[SourceVersionDate "2019.10.17"]
[SourceQuality "1"]

1. d4 d5 2. Bf4 c6 3. Nf3 Nf6 4. e3 g6 5. Nbd2 Bg7 6. h3 0-0 7. c3 Re8 8. Be2 Nbd7 9. Ne5 Nxe5 10. Bxe5 Nd7 11. Bxg7 Kxg7 12. c4 Nf6 13. 0-0 Qc7 14. f4 Be6 15. c5 Bf5 16. g4 Be4 17. g5 Nd7 18. Nxe4 dxe4 19. Qc2 f5 20. Qc3 Kg8 21. Bc4+ e6 22. Rad1 Rad8 23. h4 Nf8 24. Rd2 Qc8 25. Rh2 Rd7 26. h5 Qc7 27. hxg6 Nxg6 28. Rh6 Rg7 1/2-1/2

[Event "Barcelona Sant Marti op-B 20th"]
[Site "Barcelona"]
[Date "2018.07.19"]
[Round "7"]
[White "Salazar Navas, Josep"]
[Black "Bienvenido Kleque, Jose"]
[Result "1-0"]
[WhiteElo "1677"]
[BlackElo "1439"]
[PlyCount "63"]
[EventDate "2018.07.13"]
[EventType "swiss"]
[EventRounds "9"]
[EventCountry "ESP"]
[SourceTitle "EXT 2019"]
[Source "ChessBase"]
[SourceDate "2018.10.10"]
[SourceVersion "1"]
[SourceVersionDate "2018.10.10"]
[SourceQuality "1"]

1. e4 c5 2. Nc3 Nc6 3. g3 g6 4. Bg2 Bg7 5. d3 d6 6. Be3 Nf6 7. h3 0-0 8. Qd2 Be6 9. Nge2 a6 10. 0-0 Qd7 11. Nf4 b5 12. Nxe6 fxe6 13. f4 Rac8 14. Ne2 c4 15. d4 Rcd8 16. d5 exd5 17. exd5 Nb8 18. Nd4 Rfe8 19. Ne6 Rc8 20. c3 Qb7 21. g4 Nfd7 22. Bd4 Bh8 23. Bxh8 Kxh8 24. Qd4+ Nf6 25. g5 Nbd7 26. gxf6 Nxf6 27. f5 Rg8 28. Kh2 Qd7 29. Be4 Qe8 30. fxg6 hxg6 31. Rf4 g5 32. Rxf6 1-0

[Event "Barcelona Sant Marti op-B 20th"]
[Site "Barcelona"]
[Date "2018.07.17"]
[Round "5"]
[White "Domenche Redondo, Francesco"]
[Black "Bienvenido Kleque, Jose"]
[Result "1/2-1/2"]
[WhiteElo "1652"]
[BlackElo "1439"]
[PlyCount "40"]
[EventDate "2018.07.13"]
[EventType "swiss"]
[EventRounds "9"]
[EventCountry "ESP"]
[SourceTitle "EXT 2019"]
[Source "ChessBase"]
[SourceDate "2018.10.10"]
[SourceVersion "1"]
[SourceVersionDate "2018.10.10"]
[SourceQuality "1"]

1. d4 d5 2. f4 c6 3. Nf3 Nf6 4. e3 g6 5. Bd3 Bg7 6. Nbd2 0-0 7. c3 Re8 8. 0-0 Qc7 9. b3 Nbd7 10. Re1 Nb6 11. Bb2 Be6 12. Rc1 Rac8 13. Ne5 Nbd7 14. h3 Rcd8 15. Qf3 a6 16. g4 Nxe5 17. fxe5 Nd7 18. c4 dxc4 19. Bxc4 Bxc4 20. Nxc4 Rf8 1/2-1/2

[Event "Barcelona Sant Marti op-B 20th"]
[Site "Barcelona"]
[Date "2018.07.15"]
[Round "3"]
[White "Bienvenido Kleque, Jose"]
[Black "Del Rio Baena, Dani"]
[Result "1/2-1/2"]
[WhiteElo "1439"]
[BlackElo "1050"]
[PlyCount "69"]
[EventDate "2018.07.13"]
[EventType "swiss"]
[EventRounds "9"]
[EventCountry "ESP"]
[SourceTitle "EXT 2019"]
[Source "ChessBase"]
[SourceDate "2018.10.10"]
[SourceVersion "1"]
[SourceVersionDate "2018.10.10"]
[SourceQuality "1"]

1. d4 d5 2. c4 c6 3. cxd5 cxd5 4. Nf3 Nf6 5. Bg5 Nc6 6. e3 Bf5 7. Bd3 Bg6 8. a3 e6 9. Nc3 Bd6 10. 0-0 Qc7 11. Nb5 Qd7 12. Nxd6+ Qxd6 13. Bf4 Qe7 14. Rc1 Bxd3 15. Qxd3 0-0 16. Rc2 Nh5 17. Ng5 g6 18. Nf3 Nxf4 19. exf4 f6 20. Re1 Qd6 21. Rce2 Rae8 22. Qd2 Rf7 23. g3 Rfe7 24. Qd3 e5 25. fxe5 fxe5 26. dxe5 Nxe5 27. Nxe5 Rxe5 28. Rxe5 Rxe5 29. Rxe5 Qxe5 30. Qe3 Qxe3 31. fxe3 Kf7 32. Kf2 Kf6 33. Kf3 Kf5 34. h3 Ke5 35. g4 1/2-1/2

[Event "Barcelona Sant Marti op-B 20th"]
[Site "Barcelona"]
[Date "2018.07.14"]
[Round "2"]
[White "Carrey Abellan, Enric"]
[Black "Bienvenido Kleque, Jose"]
[Result "1-0"]
[WhiteElo "1855"]
[BlackElo "1439"]
[PlyCount "83"]
[EventDate "2018.07.13"]
[EventType "swiss"]
[EventRounds "9"]
[EventCountry "ESP"]
[SourceTitle "EXT 2019"]
[Source "ChessBase"]
[SourceDate "2018.10.10"]
[SourceVersion "1"]
[SourceVersionDate "2018.10.10"]
[SourceQuality "1"]

1. d4 d5 2. c4 c6 3. cxd5 cxd5 4. Bg5 h6 5. Bh4 Qc7 6. Nc3 e6 7. e3 a6 8. Rc1 Nc6 9. Bd3 Be7 10. Bxe7 Qxe7 11. Nf3 Nf6 12. 0-0 0-0 13. Bb1 Rd8 14. a3 Nh7 15. Qd3 Nf8 16. Na4 Rb8 17. Nc5 Bd7 18. Rc3 Rdc8 19. Rfc1 Rc7 20. h3 Be8 21. R1c2 f6 22. Nd2 Rbc8 23. f3 Qd6 24. Qe2 Bg6 25. Rc1 Bxb1 26. Nxb1 Qe7 27. R1c2 Qd6 28. Qd2 Qe7 29. Qc1 Nd7 30. Nxa6 bxa6 31. Rxc6 Rxc6 32. Rxc6 Rxc6 33. Qxc6 Nf8 34. b4 Qa7 35. Nd2 Kf7 36. Nb3 Qb8 37. Kf2 Qh2 38. Qxa6 h5 39. Nd2 h4 40. Qb7+ Kg8 41. Nf1 g5 42. Nxh2 1-0

[Event "Foment Martinenc op-C 20th"]
[Site "Barcelona"]
[Date "2018.06.02"]
[Round "7"]
[White "Martinez Aguero, Francisco"]
[Black "Bienvenido Kleque, Jose"]
[Result "1-0"]
[WhiteElo "1769"]
[BlackElo "1682"]
[PlyCount "72"]
[EventDate "2018.04.21"]
[EventType "swiss"]
[EventRounds "9"]
[EventCountry "ESP"]
[SourceTitle "CBM 184 Extra"]
[Source "ChessBase"]
[SourceDate "2018.06.28"]
[SourceVersion "1"]
[SourceVersionDate "2018.06.28"]
[SourceQuality "1"]

1. d4 Nf6 2. Bf4 d5 3. Nf3 e6 4. e3 Bd6 5. Ne5 Nbd7 6. Bd3 0-0 7. Nd2 Be7 8. 0-0 Re8 9. Re1 Nf8 10. a3 Ng6 11. Bg3 Nd7 12. Nxg6 hxg6 13. Nf3 Nf6 14. h3 Bd6 15. Ne5 Nd7 16. f4 Nxe5 17. fxe5 Be7 18. c3 Bh4 19. Qf3 Bxg3 20. Qxg3 Rf8 21. Rf1 Bd7 22. e4 Bc6 23. exd5 Qxd5 24. Rae1 Qd7 25. Rf2 a6 26. Be4 Bxe4 27. Rxe4 Rad8 28. Ref4 c6 29. h4 Qe7 30. Qg4 Rd5 31. h5 g5 32. R4f3 Rfd8 33. Rg3 c5 34. Rd2 cxd4 35. Rxd4 Qc5 36. Qxg5 Rxd4 1-0

[Event "Foment Martinenc op-C 20th"]
[Site "Barcelona"]
[Date "2018.05.19"]
[Round "5"]
[White "Archs Garriga, Ignasi"]
[Black "Bienvenido Kleque, Jose"]
[Result "1-0"]
[WhiteElo "1838"]
[BlackElo "1682"]
[PlyCount "101"]
[EventDate "2018.04.21"]
[EventType "swiss"]
[EventRounds "9"]
[EventCountry "ESP"]
[SourceTitle "CBM 184 Extra"]
[Source "ChessBase"]
[SourceDate "2018.06.28"]
[SourceVersion "1"]
[SourceVersionDate "2018.06.28"]
[SourceQuality "1"]

1. c4 c5 2. Nf3 Nf6 3. Nc3 Nc6 4. g3 g6 5. Bg2 Bg7 6. 0-0 0-0 7. d4 Nxd4 8. Nxd4 cxd4 9. Qxd4 d6 10. Bg5 Re8 11. Rad1 a6 12. Qd2 Qc7 13. b3 Be6 14. Rc1 Qd7 15. Rfd1 Rac8 16. Na4 Qc7 17. Be3 Qb8 18. Nb6 Rcd8 19. Bd4 Nd7 20. Bxg7 Kxg7 21. Qd4+ Kg8 22. Nd5 Qc8 23. Qh4 Kg7 24. Nxe7 Qc5 25. Nd5 Bxd5 26. Rxd5 Qb6 27. e3 Nf6 28. Qd4 Qxd4 29. Rxd4 b6 30. Rcd1 d5 31. Bxd5 a5 32. Bc6 Rxd4 33. Rxd4 Re6 34. Bb5 Ne4 35. Rd3 h5 36. f3 Nd6 37. Bd7 Rf6 38. Kf2 Kf8 39. h4 Ke7 40. Bc6 Ne4+ 41. Bxe4 Re6 42. Rd4 f5 43. Bd5 Rd6 44. e4 fxe4 45. Rxe4+ Kf6 46. Ke3 Kg7 47. Re6 Rxe6+ 48. Bxe6 Kf6 49. Bd5 Ke5 50. f4+ Kf6 51. Ke4 1-0

[Event "Foment Martinenc op-C 20th"]
[Site "Barcelona"]
[Date "2018.05.05"]
[Round "3"]
[White "De la Riva Reina, Marti"]
[Black "Bienvenido Kleque, Jose"]
[Result "1/2-1/2"]
[WhiteElo "1669"]
[BlackElo "1682"]
[PlyCount "67"]
[EventDate "2018.04.21"]
[EventType "swiss"]
[EventRounds "9"]
[EventCountry "ESP"]
[SourceTitle "CBM 184 Extra"]
[Source "ChessBase"]
[SourceDate "2018.06.28"]
[SourceVersion "1"]
[SourceVersionDate "2018.06.28"]
[SourceQuality "1"]

1. e4 d5 2. exd5 Qxd5 3. Nc3 Qd8 4. Bc4 Nf6 5. Nge2 Bg4 6. f3 Bc8 7. 0-0 g6 8. d3 Bg7 9. Ng3 c6 10. Nge4 Nbd7 11. Bg5 0-0 12. Bb3 b6 13. Qd2 Bb7 14. Rae1 e6 15. Nd6 Qc7 16. Bf4 e5 17. Rxe5 Nxe5 18. Bxe5 Qd7 19. Nxb7 Qxb7 20. Qg5 Qe7 21. Ne4 Nd5 22. Bxd5 Qxg5 23. Nxg5 cxd5 24. Bxg7 Kxg7 25. Re1 Rfe8 26. Rxe8 Rxe8 27. Kf2 h6 28. Nh3 g5 29. Ng1 Rc8 30. c3 Kf6 31. d4 Ke6 32. Ne2 f5 33. Nc1 Kf6 34. h3 1/2-1/2

[Event "Barcelona Sant Marti op-B 19th"]
[Site "Barcelona"]
[Date "2017.07.15"]
[Round "3"]
[White "Pinyol I Llora, Julia"]
[Black "Bienvenido Kleque, Jose"]
[Result "1/2-1/2"]
[WhiteElo "1130"]
[BlackElo "1468"]
[PlyCount "114"]
[EventDate "2017.07.13"]
[EventType "swiss"]
[EventRounds "9"]
[EventCountry "ESP"]
[SourceTitle "EXT 2018"]
[Source "ChessBase"]
[SourceDate "2017.10.13"]
[SourceVersion "1"]
[SourceVersionDate "2017.10.13"]
[SourceQuality "1"]

1. e4 c6 2. Ne2 d5 3. e5 Bf5 4. Ng3 Bg6 5. h4 h6 6. h5 Bh7 7. e6 Nf6 8. exf7+ Kxf7 9. d4 e6 10. Bd3 Bxd3 11. Qxd3 Ke7 12. Bd2 Kd7 13. Qg6 Qe8 14. Qd3 Na6 15. Qb3 Rb8 16. Bf4 Bd6 17. Be5 Bxe5 18. dxe5 Ng8 19. 0-0 Qe7 20. Re1 Kc7 21. Nc3 Qb4 22. Qxb4 Nxb4 23. Rec1 Ne7 24. a3 Na6 25. b4 b5 26. Nge2 Kd7 27. Nf4 Nc7 28. Rd1 Rhf8 29. g3 Kc8 30. Rab1 a6 31. a4 Rf5 32. Re1 Rf8 33. Kg2 Kd7 34. a5 Kc8 35. Rbd1 Kb7 36. Nce2 Kc8 37. Nd4 Kd7 38. Nb3 Ke8 39. Nc5 Kf7 40. Nd7 Rbd8 41. Nxf8 Rxf8 42. Nd3 Ke8 43. Nc5 Rf5 44. g4 Rf4 45. Nd3 Rf7 46. Re3 Rf8 47. Rf3 Rg8 48. Nc5 g6 49. Kh3 gxh5 50. gxh5 Rg5 51. Kh4 Nf5+ 52. Kh3 Rxh5+ 53. Kg4 Rg5+ 54. Kf4 Kf7 55. Rh1 Rg2 56. Nd7 Ne8 57. Nc5 Nc7 1/2-1/2

[Event "Barcelona Sant Marti op-B 19th"]
[Site "Barcelona"]
[Date "2017.07.14"]
[Round "2"]
[White "Bienvenido Kleque, Jose"]
[Black "Mercader Rubio, Luis"]
[Result "0-1"]
[WhiteElo "1468"]
[BlackElo "1747"]
[PlyCount "90"]
[EventDate "2017.07.13"]
[EventType "swiss"]
[EventRounds "9"]
[EventCountry "ESP"]
[SourceTitle "EXT 2018"]
[Source "ChessBase"]
[SourceDate "2017.10.13"]
[SourceVersion "1"]
[SourceVersionDate "2017.10.13"]
[SourceQuality "1"]

1. c4 Nf6 2. Nf3 g6 3. Nc3 Bg7 4. g3 0-0 5. Bg2 c5 6. 0-0 Nc6 7. d3 d6 8. Re1 a6 9. a3 Rb8 10. Qc2 e5 11. e4 h6 12. Bd2 Be6 13. Qc1 Kh7 14. Qc2 Nh5 15. Be3 f5 16. exf5 gxf5 17. Rad1 Nd4 18. Bxd4 cxd4 19. Nb1 Qd7 20. b3 f4 21. Nbd2 Bg4 22. Rc1 b6 23. Qd1 Bf6 24. Qe2 fxg3 25. fxg3 Kh8 26. Rf1 Ng7 27. Ne4 Nf5 28. Nxf6 Rxf6 29. Qe4 Ne3 30. Rf2 Rbf8 31. Re1 Bf5 32. Qh4 Bxd3 33. h3 Qg7 34. Qh5 Bg6 35. Qh4 Be8 36. Ree2 Bc6 37. Ne1 Bxg2 38. Nxg2 Nf5 39. Rxf5 Rxf5 40. g4 Rf3 41. Kh2 Qf6 42. Qe1 Rxb3 43. Nh4 Qf4+ 44. Kg2 Qg5 45. Nf5 Rxf5 0-1

[Event "Barcelona Sant Marti op-B 19th"]
[Site "Barcelona"]
[Date "2017.07.13"]
[Round "1"]
[White "Pera Muntasell, Marc"]
[Black "Bienvenido Kleque, Jose"]
[Result "1-0"]
[WhiteElo "1800"]
[BlackElo "1468"]
[PlyCount "50"]
[EventDate "2017.07.13"]
[EventType "swiss"]
[EventRounds "9"]
[EventCountry "ESP"]
[SourceTitle "EXT 2018"]
[Source "ChessBase"]
[SourceDate "2017.10.13"]
[SourceVersion "1"]
[SourceVersionDate "2017.10.13"]
[SourceQuality "1"]

1. e4 c6 2. d4 d5 3. Nd2 dxe4 4. Nxe4 Bf5 5. Ng3 Bg6 6. Nf3 h6 7. Ne5 Bh7 8. Qf3 Nf6 9. Qb3 e6 10. Qxb7 Nbd7 11. Nxc6 Qc8 12. Ba6 Qxb7 13. Bxb7 Nb6 14. Bxa8 Nxa8 15. c3 a6 16. Bf4 Nd5 17. Be3 Nxe3 18. fxe3 Bd6 19. Na5 Nc7 20. Nc4 Be7 21. Kd2 0-0 22. Rhf1 Rb8 23. b3 Nd5 24. Rf3 Nf6 25. Ne5 Rc8 1-0

[Event "Foment Martinenc op-C 19st"]
[Site "Barcelona"]
[Date "2017.05.20"]
[Round "5.37"]
[White "Torres Teruel, Joan"]
[Black "Bienvenido Kleque, Jose"]
[Result "0-1"]
[WhiteElo "1487"]
[BlackElo "1665"]
[PlyCount "54"]
[EventDate "2017.04.22"]
[EventType "swiss"]
[EventRounds "9"]
[EventCountry "ESP"]
[SourceTitle "EXT 2024"]
[Source "ChessBase"]
[SourceDate "2023.10.10"]
[SourceVersion "1"]
[SourceVersionDate "2023.10.10"]
[SourceQuality "1"]

1. e4 c6 2. Nc3 d5 3. d4 dxe4 4. Nxe4 Bf5 5. Nc3 Nf6 6. Bd3 Bxd3 7. Qxd3 e6 8. Nf3 Be7 9. 0-0 Nbd7 10. Bf4 0-0 11. Be5 Bb4 12. a3 Be7 13. b4 Nxe5 14. Nxe5 Bd6 15. Nc4 Be7 16. Ne4 Nxe4 17. Qxe4 Qd5 18. Qd3 Rad8 19. c3 e5 20. Ne3 Qd6 21. Nf5 Qe6 22. Rae1 Rfe8 23. dxe5 Rxd3 24. Nd4 Rxd4 25. cxd4 Qa2 26. f4 Qxa3 27. f5 Qxb4 0-1

[Event "Barcelona Sant Marti op-B 18th"]
[Site "Barcelona"]
[Date "2016.07.14"]
[Round "2.49"]
[White "Garcia Punzano, Josep Lluis"]
[Black "Bienvenido Kleque, Jose"]
[Result "1-0"]
[WhiteElo "1785"]
[BlackElo "1494"]
[PlyCount "61"]
[EventDate "2016.07.13"]
[EventType "swiss"]
[EventRounds "9"]
[EventCountry "ESP"]
[SourceTitle "EXT 2024"]
[Source "ChessBase"]
[SourceDate "2023.10.10"]
[SourceVersion "1"]
[SourceVersionDate "2023.10.10"]
[SourceQuality "1"]

1. d4 d5 2. c4 c6 3. Nc3 Nf6 4. Bg5 e6 5. e3 Be7 6. Nf3 Nbd7 7. Be2 0-0 8. 0-0 dxc4 9. Bxc4 Nd5 10. Bxe7 Qxe7 11. a3 Nxc3 12. bxc3 Nf6 13. Qd3 b6 14. e4 Bb7 15. e5 Nd7 16. Bb3 Rfd8 17. Bc2 Nf8 18. Qe3 Rd7 19. Nd2 Rad8 20. Ne4 c5 21. Nd6 cxd4 22. cxd4 Rc7 23. Rfc1 Rdd7 24. Ba4 Rxc1+ 25. Rxc1 Rc7 26. h3 a6 27. Rxc7 Qxc7 28. Ne8 Qc4 29. Qg5 Ng6 30. Qd8 Qd5 31. Nf6# 1-0

[Event "Barcelona Sant Marti op-B 17th"]
[Site "Barcelona"]
[Date "2015.07.17"]
[Round "5"]
[White "Serentill Tost, Eduard"]
[Black "Bienvenido Kleque, Jose"]
[Result "1-0"]
[WhiteElo "1808"]
[BlackElo "1717"]
[PlyCount "55"]
[EventDate "2015.07.13"]
[EventType "swiss"]
[EventRounds "9"]
[EventCountry "ESP"]
[SourceTitle "EXT 2016"]
[Source "ChessBase"]
[SourceDate "2015.10.08"]
[SourceVersion "1"]
[SourceVersionDate "2015.10.08"]
[SourceQuality "1"]

1. e4 e5 2. Nf3 Nc6 3. Bb5 a6 4. Ba4 Nf6 5. 0-0 Nxe4 6. d4 b5 7. Bb3 d5 8. dxe5 Be6 9. c3 Bc5 10. Nbd2 Nxd2 11. Qxd2 0-0 12. Rd1 Ne7 13. a4 c6 14. axb5 axb5 15. Rxa8 Qxa8 16. Bc2 Ng6 17. b4 Be7 18. Qd3 Qc8 19. h4 Bg4 20. Re1 Bxf3 21. Qxf3 Bxh4 22. g3 Be7 23. Kg2 Qd8 24. Rh1 Bg5 25. Qh5 Bh6 26. Bxh6 Nxe5 27. Bxg7 Kxg7 28. Qh6+ 1-0

[Event "Barcelona Sant Marti op-B 17th"]
[Site "Barcelona"]
[Date "2015.07.13"]
[Round "1"]
[White "Valbuena Castro, Gregorio"]
[Black "Bienvenido Kleque, Jose"]
[Result "1-0"]
[WhiteElo "1944"]
[BlackElo "1717"]
[PlyCount "105"]
[EventDate "2015.07.13"]
[EventType "swiss"]
[EventRounds "9"]
[EventCountry "ESP"]
[SourceTitle "EXT 2016"]
[Source "ChessBase"]
[SourceDate "2015.10.08"]
[SourceVersion "1"]
[SourceVersionDate "2015.10.08"]
[SourceQuality "1"]

1. e4 e5 2. d4 exd4 3. Bc4 d6 4. Nf3 Nc6 5. Nxd4 Nxd4 6. Qxd4 Qf6 7. Qd1 Be6 8. Bb5+ c6 9. Be2 d5 10. exd5 Bxd5 11. 0-0 Qg6 12. Bf3 0-0-0 13. Nc3 Bxf3 14. Qxf3 Bd6 15. Be3 Bb8 16. Rad1 Nh6 17. Bxh6 gxh6 18. Qh3+ Kc7 19. Rfe1 Rxd1 20. Rxd1 Rd8 21. Re1 Qd6 22. g3 b6 23. Qf5 Kb7 24. Qxf7+ Rd7 25. Qe8 Rd8 26. Qe4 Qd7 27. Qe7 Bd6 28. Qxd7+ Rxd7 29. Rd1 Kc7 30. Ne4 Be5 31. Rxd7+ Kxd7 32. c3 Ke6 33. f4 Bc7 34. Kf2 Kf5 35. Kf3 c5 36. h3 Ke6 37. g4 Bd8 38. f5+ Ke5 39. a4 Be7 40. b3 a6 41. Nd2 b5 42. axb5 axb5 43. c4 b4 44. Ne4 Bd8 45. Nxc5 Be7 46. Ne4 Bh4 47. Ke3 Be7 48. Kd3 Bf8 49. h4 Be7 50. c5 Bxh4 51. f6 Kd5 52. g5 hxg5 53. f7 1-0

[Event "Foment Martinenc op-C 17th"]
[Site "Barcelona"]
[Date "2015.05.23"]
[Round "5"]
[White "Bienvenido Kleque, Jose"]
[Black "Llados Masllorens, Josep"]
[Result "1/2-1/2"]
[WhiteElo "1716"]
[BlackElo "1668"]
[PlyCount "49"]
[EventDate "2015.04.25"]
[EventType "swiss"]
[EventRounds "9"]
[EventCountry "ESP"]
[SourceTitle "EXT 2017"]
[Source "ChessBase"]
[SourceDate "2016.10.25"]
[SourceVersion "1"]
[SourceVersionDate "2016.10.25"]
[SourceQuality "1"]

1. c4 c5 2. Nc3 e6 3. g3 a6 4. Bg2 Qc7 5. b3 Nc6 6. Bb2 Nf6 7. Nf3 d6 8. 0-0 b6 9. d4 cxd4 10. Nxd4 Bb7 11. Nxc6 Bxc6 12. Bxc6+ Qxc6 13. Qd3 Be7 14. Rad1 0-0 15. Qc2 Rfd8 16. e4 b5 17. cxb5 axb5 18. b4 d5 19. exd5 Nxd5 20. a3 Nxc3 21. Rxd8+ Bxd8 22. Qxc3 Qxc3 23. Bxc3 Rxa3 24. Rd1 Ra8 25. Rd7 1/2-1/2

[Event "Foment Martinenc op-C 17th"]
[Site "Barcelona"]
[Date "2015.05.09"]
[Round "3"]
[White "Bienvenido Kleque, Jose"]
[Black "Garcia Pitarch, Raul"]
[Result "0-1"]
[WhiteElo "1716"]
[BlackElo "1685"]
[PlyCount "90"]
[EventDate "2015.04.25"]
[EventType "swiss"]
[EventRounds "9"]
[EventCountry "ESP"]
[SourceTitle "EXT 2017"]
[Source "ChessBase"]
[SourceDate "2016.10.25"]
[SourceVersion "1"]
[SourceVersionDate "2016.10.25"]
[SourceQuality "1"]

1. e4 b6 2. d4 Bb7 3. f3 e6 4. Nc3 d6 5. Be3 Nf6 6. Bd3 Nbd7 7. a3 c5 8. dxc5 bxc5 9. Nh3 Be7 10. 0-0 0-0 11. Nf2 Rc8 12. b3 Nb6 13. Be2 Qc7 14. Nb5 Qd8 15. Nxa7 Ra8 16. Nb5 e5 17. a4 d5 18. exd5 Nbxd5 19. Bc1 Bc6 20. Re1 Qb8 21. Bd3 Bxb5 22. Bxb5 Nc3 23. Qd3 Nxb5 24. Bb2 Nd4 25. Bxd4 cxd4 26. Ne4 Nxe4 27. Rxe4 Rc8 28. Qe2 f6 29. Qd2 Ra6 30. Re2 Bc5 31. Qd3 Rac6 32. Rd1 Bb4 33. Rf1 Rc3 34. Qd1 Qa7 35. Kh1 Qa6 36. Kg1 Qa7 37. Kh1 Qc7 38. Rff2 Qc5 39. Rd2 f5 40. Rfe2 d3 41. Rxd3 Rxc2 42. Rxc2 Qxc2 43. Rd8+ Bf8 44. Qd5+ Kh8 45. Rxc8 Qb1+ 0-1

[Event "Barcelona Sant Marti op-B 16th"]
[Site "Barcelona"]
[Date "2014.07.18"]
[Round "6"]
[White "Bienvenido Kleque, Jose"]
[Black "Ramon Herraez, Alex"]
[Result "0-1"]
[WhiteElo "1737"]
[BlackElo "1832"]
[PlyCount "38"]
[EventDate "2014.07.13"]
[EventType "swiss"]
[EventRounds "9"]
[EventCountry "ESP"]
[SourceTitle "CBM 161 Extra"]
[Source "ChessBase"]
[SourceDate "2014.08.29"]
[SourceVersion "1"]
[SourceVersionDate "2014.08.29"]
[SourceQuality "1"]

1. c4 c6 2. d4 d5 3. cxd5 cxd5 4. g3 Bf5 5. Bg2 e6 6. Nf3 Nf6 7. Qa4+ Nc6 8. Ne5 Qa5+ 9. Qxa5 Nxa5 10. Nc3 Be7 11. 0-0 0-0 12. b3 Rac8 13. Bb2 Nc6 14. Nxc6 Rxc6 15. Rac1 Rfc8 16. Rfd1 a6 17. Nb1 Rxc1 18. Rxc1 Rxc1+ 19. Bxc1 Bxb1 0-1

[Event "Barcelona Sant Marti op-B 16th"]
[Site "Barcelona"]
[Date "2014.07.16"]
[Round "4"]
[White "Bienvenido Kleque, Jose"]
[Black "Gonzalez Alonso, Marti"]
[Result "1/2-1/2"]
[WhiteElo "1737"]
[BlackElo "1844"]
[PlyCount "91"]
[EventDate "2014.07.13"]
[EventType "swiss"]
[EventRounds "9"]
[EventCountry "ESP"]
[SourceTitle "CBM 161 Extra"]
[Source "ChessBase"]
[SourceDate "2014.08.29"]
[SourceVersion "1"]
[SourceVersionDate "2014.08.29"]
[SourceQuality "1"]

1. c4 g6 2. Nc3 Bg7 3. g3 Nf6 4. Bg2 0-0 5. Nf3 e6 6. 0-0 d5 7. cxd5 exd5 8. d4 Nc6 9. Re1 Bf5 10. a3 Ne4 11. e3 Qd7 12. Qb3 Nxc3 13. bxc3 Rab8 14. Qd1 Rfe8 15. Nh4 Bh3 16. Bb2 Bxg2 17. Kxg2 Na5 18. Nf3 Nc4 19. Qc2 c6 20. Nd2 Nxd2 21. Qxd2 b6 22. Rac1 c5 23. Rc2 Qd6 24. Rec1 c4 25. Re1 b5 26. Qe2 a5 27. Rec1 Qe6 28. Qf3 f5 29. Kg1 b4 30. Qe2 Rb7 31. axb4 axb4 32. cxb4 Rxb4 33. Bc3 Rb3 34. Qd2 Reb8 35. Rb2 Bf8 36. Rcb1 Ba3 37. Rxb3 Rxb3 38. Rxb3 cxb3 39. Bb2 Qa6 40. Bxa3 Qxa3 41. Qc3 Kg7 42. Qc7+ Kh6 43. Qf4+ g5 44. Qxf5 b2 45. Qf6+ Kh5 46. Qf7+ 1/2-1/2

[Event "Barcelona Sant Marti op-B 16th"]
[Site "Barcelona"]
[Date "2014.07.13"]
[Round "1"]
[White "Torres Julian, Marc"]
[Black "Bienvenido Kleque, Jose"]
[Result "1-0"]
[WhiteElo "1959"]
[BlackElo "1737"]
[PlyCount "145"]
[EventDate "2014.07.13"]
[EventType "swiss"]
[EventRounds "9"]
[EventCountry "ESP"]
[SourceTitle "CBM 161 Extra"]
[Source "ChessBase"]
[SourceDate "2014.08.29"]
[SourceVersion "1"]
[SourceVersionDate "2014.08.29"]
[SourceQuality "1"]

1. e4 c5 2. Nf3 Nc6 3. d4 cxd4 4. Nxd4 Nf6 5. Nc3 e5 6. Ndb5 d6 7. Bg5 a6 8. Na3 b5 9. Bxf6 gxf6 10. Nd5 Bg7 11. Bd3 Ne7 12. Nxe7 Qxe7 13. c3 Be6 14. 0-0 0-0 15. Nc2 Rfd8 16. Ne3 Rac8 17. a4 Bc4 18. axb5 axb5 19. Nf5 Qf8 20. Bxc4 bxc4 21. Ra7 Ra8 22. Rxa8 Rxa8 23. Qxd6 Rd8 24. Qxf8+ Bxf8 25. Ne3 Rc8 26. Ra1 Bh6 27. Nd5 Kg7 28. Ne7 Rb8 29. Nf5+ Kg6 30. Rb1 Bd2 31. Nd6 Bxc3 32. Nxc4 Rb4 33. b3 Bd4 34. Kf1 Kg7 35. Ke2 Kf8 36. Ne3 Bxe3 37. Kxe3 Ke7 38. f3 Kd6 39. Kf2 Kc5 40. Kg3 Kd6 41. Kf2 Kc5 42. Rc1+ Kd6 43. Rc3 Kd7 44. Ke2 Kd6 45. Kd2 Rb5 46. Kc2 Rb4 47. Rc4 Rb5 48. Rc8 Ke6 49. Re8+ Kd7 50. Rh8 Ra5 51. Kb2 Ke6 52. Rxh7 Ra6 53. Rh8 Rd6 54. Rc8 Rd2+ 55. Rc2 Rd8 56. g3 Rd3 57. Rf2 Rd4 58. h4 f5 59. exf5+ Kxf5 60. h5 Kg5 61. g4 f5 62. Rg2 f4 63. Kc3 Rd1 64. Rd2 Rc1+ 65. Kb4 Rc7 66. Rd5 Rb7+ 67. Rb5 Re7 68. Kc5 Rd7 69. Kc4 Re7 70. b4 Kh6 71. Rd5 e4 72. fxe4 Rxe4+ 73. Rd4 1-0